Catalog

Record Details

Catalog Search



Available copies

  • 1 of 1 copy available at LARL/NWRL Consortium.

Current holds

0 current holds with 1 total copy.

Show Only Available Copies
Location Call Number / Copy Notes Barcode Shelving Location Status Due Date
Roseau Public Library CAR (Text) 35500001707239 Main Available -

Record details

  • ISBN: 0399136193 (alk. paper) :
  • Physical Description: 349 p. ; 23 cm.
  • Publisher: New York : Putnam, c1991.
LDR 00646cam a2200193Ia 4500
0019790
003LARL_NWRL_CONSORTIUM
00519911023164650.0
008901001s1991 nyu 000 1 eng
020 . ‡a0399136193 (alk. paper) : ‡c$21.95
035 . ‡a(OCoLC)22629925
040 . ‡aDLC ‡cDLC ‡dLAL
08200. ‡a823/.914 ‡220
099 . ‡aCar
1001 . ‡aCarr, Philippa, ‡d1906-1993. ‡0(LARL_NWRL_CONSORTIUM)96292
24512. ‡aA time for silence / ‡cPhilippa Carr.
260 . ‡aNew York : ‡bPutnam, ‡cc1991.
300 . ‡a349 p. ; ‡c23 cm.
901 . ‡a9790 ‡bOCLC ‡c9790 ‡tbiblio

Additional Resources